Manual de revaluo contable (Registro nro. 1434)

Detalles MARC
000 -LEADER
fixed length control field 00856 a2200217 4500
001 - CONTROL NUMBER
control field 26078
005 - DATE AND TIME OF LATEST TRANSACTION
control field 20260407155542.0
008 - FIXED-LENGTH DATA ELEMENTS--GENERAL INFORMATION
fixed length control field 260407a1978 arg spa d
003 - CONTROL NUMBER IDENTIFIER
control field AR-UNSa-BCEJYS
040 ## - CATALOGING SOURCE
Original cataloging agency AR-UNSa-BCEJYS
Language of cataloging spa
Transcribing agency AR-UNSa-BCEJYS
080 ## - UNIVERSAL DECIMAL CLASSIFICATION NUMBER
Universal Decimal Classification number 657.372.2
Common auxiliary subdivision Evaluación (revaluo)
100 1# - MAIN ENTRY--PERSONAL NAME
Personal name Guastavino, Luis María
245 10 - TITLE STATEMENT
Title Manual de revaluo contable
Name of part/section of a work Ley 19.742
250 ## - EDITION STATEMENT
Edition statement 3a. ed
264 #1 - PRODUCTION, PUBLICATION, DISTRIBUTION, MANUFACTURE, AND COPYRIGHT NOTICE
Place of production, publication, distribution, manufacture Buenos Aires :
Name of producer, publisher, distributor, manufacturer Cangallo
Date of production, publication, distribution, manufacture, or copyright notice 1978
300 ## - PHYSICAL DESCRIPTION
Extent 177 p.
Dimensions 23 cm.
505 ## - FORMATTED CONTENTS NOTE
Formatted contents note 1. Consideraciones generales - 2. Análisis de la ley 19.742 y de su reglamentación - 3. Casos prácticos - 4. Normas legales aplicables.
590 ## - LOCAL NOTE (RLIN)
Local note niveau_biblio:m niveau_hierar:0
856 41 - ELECTRONIC LOCATION AND ACCESS
Uniform Resource Identifier <a href="https://biblioeco.unsa.edu.ar/pmb/images/libros/Manual de revaluo contable Guastavino, Luis Mar?a (1978).jpg">https://biblioeco.unsa.edu.ar/pmb/images/libros/Manual de revaluo contable Guastavino, Luis Mar?a (1978).jpg</a>
Link text Imagen de portada
Electronic format type image/jpeg
942 ## - ADDED ENTRY ELEMENTS (KOHA)
Koha item type
Existencias
Withdrawn status Lost status Damaged status Not for loan Home library Current library Shelving location Date acquired Total checkouts Full call number Barcode Date last seen Price effective from Koha item type
        Biblioteca Prof. Eusebio Cleto del Rey Biblioteca Prof. Eusebio Cleto del Rey   07/04/2026   657.372.2 G917 3ed. L33812 07/04/2026 07/04/2026 Libro
        Biblioteca Prof. Eusebio Cleto del Rey Biblioteca Prof. Eusebio Cleto del Rey   07/04/2026   657.372.2 G917 3ed. L33811 07/04/2026 07/04/2026 Libro
        Biblioteca Prof. Eusebio Cleto del Rey Biblioteca Prof. Eusebio Cleto del Rey   07/04/2026   657.372.2 G917 3ed. L33211 07/04/2026 07/04/2026 Libro